| 000 | 00494nam a2200205Ia 4500 | ||
|---|---|---|---|
| 003 | OSt | ||
| 005 | 20230511112410.0 | ||
| 008 | 210423s2009 xx 000 0 und d | ||
| 020 | _a9788180940576 | ||
| 040 | _cAL | ||
| 041 | _aeng | ||
| 082 |
_a574.88 _223 _bJEYG |
||
| 100 |
_aJEYANTHI (G P). _9102685 |
||
| 245 | _aMolecular biology. | ||
| 260 |
_aChennai _bMJP Publishers _c2009 |
||
| 300 |
_axvii,450 _bPB |
||
| 365 |
_b290 _cINR |
||
| 906 | _abiology. ; Molecular | ||
| 942 |
_2ddc _cBK |
||
| 999 |
_c164163 _d164163 |
||